| 000 | 00767nam a2200157 a 4500 | ||
|---|---|---|---|
| 008 | 120416s1980 ||||||||||||||||| || u | ||
| 050 | _aQE 511.7 Ope | ||
| 245 | 0 | 0 | _aCrustal and mantle processes, Red Sea case study: an embryonic ocean basic |
| 260 |
_aMilton Keynes _bThe Open University Press _c1980 |
||
| 300 | _a142p. : ill | ||
| 350 | _a0.00 | ||
| 650 | 7 |
_aSCIENCE _2fast |
|
| 650 | _aCRUSTAL AND MANTLE PROCESSES | ||
| 995 |
_D0.00 _FCBU-MAIN LIBRARY (Kitwe) _H2 _I3.00 _M1 _UAVAILABLE _WMar 21, 2007 _ZAnnex Low-Usage Collection |
||
| 995 |
_D0.00 _FCBU-MAIN LIBRARY (Kitwe) _H1 _I3.00 _M2 _UAVAILABLE _WMar 21, 2007 _ZAnnex Low-Usage Collection |
||
| 999 |
_c62637 _d62637 |
||